Welcome to CU Library Online Public Access Catalogue (OPAC)

Clinical Nursing Skills & Techniques (Record no. 7863)

MARC details
000 -LEADER
fixed length control field 00507nam a22001697a 4500
005 - DATE AND TIME OF LATEST TRANSACTION
control field 20251028163054.0
008 - FIXED-LENGTH DATA ELEMENTS--GENERAL INFORMATION
fixed length control field 251028b |||||||| |||| 00| 0 eng d
020 ## - INTERNATIONAL STANDARD BOOK NUMBER
International Standard Book Number 9780323026017
050 ## - LIBRARY OF CONGRESS CALL NUMBER
Classification number RT51
Item number .P365
100 ## - MAIN ENTRY--PERSONAL NAME
Personal name Perry, Anne Griffin
245 ## - TITLE STATEMENT
Title Clinical Nursing Skills & Techniques
Statement of responsibility, etc. Anne Griffin Perry & Patricia A. Potter
250 ## - EDITION STATEMENT
Edition statement 5th ed.
260 ## - PUBLICATION, DISTRIBUTION, ETC.
Place of publication, distribution, etc. St. Louis
Name of publisher, distributor, etc. Mosby
Date of publication, distribution, etc. 2004
300 ## - PHYSICAL DESCRIPTION
Extent xxvi. 1311p.
Other physical details ill. color
Dimensions 27.5cm
700 ## - ADDED ENTRY--PERSONAL NAME
Personal name Potter, Patricia A.
942 ## - ADDED ENTRY ELEMENTS (KOHA)
Source of classification or shelving scheme Library of Congress Classification
Koha item type Books
Edition 5th ed.
Suppress in OPAC No
999 ## -
-- 7863
-- 7863
Holdings
Withdrawn status Lost status Source of classification or shelving scheme Damaged status Not for loan Collection Home library Current library Shelving location Date acquired Total checkouts Full call number Barcode Date last seen Copy number Price effective from Koha item type
    Library of Congress Classification     Non-fiction Science Library (Miotso) Science Library (Miotso) General stacks 10/28/2025   RT51 .P365 PER SLM00004727 10/28/2025 1 10/28/2025 Books
© 2023-2024 Copyright: Central University Libraries. All Rights Reserved | Created by: Mahone Tech Office